| 000 | 00763cam a2200229 a 4500 | ||
|---|---|---|---|
| 001 | 3941141 | ||
| 005 | 20180110072102.0 | ||
| 008 | 930126s1994 nyua b 001 0 eng | ||
| 010 | _a 93009400 | ||
| 020 | _a013062084X | ||
| 040 |
_aDLC _cDLC _dDLC |
||
| 041 | _aeng | ||
| 080 | _a709 DAV | ||
| 082 | 0 | 0 |
_a709 DAV _220 |
| 100 | 1 | _a44 | |
| 101 | _aART | ||
| 245 | 1 | 0 |
_aArt past, art present / _cDavid G. Wilkins, Bernard Schultz, Katheryn M. Linduff. |
| 504 | _aIncludes bibliographical references (p. 594-595) and index. | ||
| 906 |
_a7 _bcbc _corignew _d1 _eocip _f19 _gy-gencatlg |
||
| 942 |
_2ddc _cBK |
||
| 999 |
_c39987 _d39987 |
||